| Tag |
First Indicator |
Second Indicator |
Subfields |
| LEADER |
00000cam a22000001a 4500 |
| 001 |
in00003076421 |
| 005 |
20190403180130.0 |
| 006 |
m o d |
| 007 |
cr un mmmapmmp |
| 008 |
080310s1947 dcu o f000 0 eng d |
| 035 |
|
|
|a cis2004227267
|
| 040 |
|
|
|a UMI
|c UMI
|d UtOrBLW
|
| 043 |
|
|
|a n-us---
|
| 099 |
|
|
|a ProQuest Serial Set Number 11153 H.doc.195
|
| 110 |
1 |
|
|a United States.
|b Congress.
|b House.
|b Committee on Foreign Affairs.
|
| 245 |
1 |
0 |
|a Message from the President of the United States transmitting proposal for legislation to control the exportation and importation of arms, ammunition, and implements of war, and related items, and for other purposes.
|
| 246 |
1 |
|
|a Message from the President transmitting proposed Munitions control act of 1947
|
| 264 |
|
1 |
|a Washington :
|b [publisher not identified],
|c 1947.
|
| 300 |
|
|
|a 1 online resource.
|
| 336 |
|
|
|a text
|b txt
|2 rdacontent
|
| 337 |
|
|
|a computer
|b c
|2 rdamedia
|
| 338 |
|
|
|a online resource
|b cr
|2 rdacarrier
|
| 490 |
0 |
|
|a H.doc.195
|
| 500 |
|
|
|a Record is based on bibliographic data in ProQuest U.S. Serial Set Digital Collection (last viewed Mar. 2008). Reuse except for individual research requires license from ProQuest, LLC.
|
| 510 |
3 |
|
|a ProQuest U.S. Serial Set Digital Collection
|
| 500 |
|
|
|a Electronic resource.
|
| 650 |
|
0 |
|a Arms control.
|
| 650 |
|
0 |
|a Military weapons.
|
| 650 |
|
0 |
|a Presidents
|v Messages.
|
| 655 |
|
7 |
|a Electronic books.
|2 local
|
| 710 |
2 |
|
|a ProQuest (Firm)
|
| 830 |
|
0 |
|a United States congressional serial set.
|
| 856 |
4 |
0 |
|u http://proxy.library.tamu.edu/login?url=http://congressional.proquest.com/congcomp/getdoc?SERIAL-SET-ID=11153+H.doc.195
|z Connect to the full text of this electronic book
|t 0
|
| 999 |
|
|
|a MARS
|
| 999 |
f |
f |
|s b37e677a-2155-3451-9791-87fa6fbbdcd8
|i 950e4e9b-74e5-36ae-942b-19c2a1fd67f0
|t 0
|
| 952 |
f |
f |
|a Texas A&M University
|b College Station
|c Electronic Resources
|d Available Online
|t 0
|e ProQuest Serial Set Number 11153 H.doc.195
|h Other scheme
|
| 998 |
f |
f |
|a ProQuest Serial Set Number 11153 H.doc.195
|t 0
|l Available Online
|